| 000 | 01122nam0a22002891 4500 | ||
|---|---|---|---|
| 001 | rc\3494937 | ||
| 005 | 20250610024234.0 | ||
| 021 |
_aRU _b[72-65588] |
||
| 035 | _a(NLR Aleph) 007650547 | ||
| 090 |
_a6223894 _c6223894 |
||
| 100 | _a20130115d1972 |||y0rusy50 ca | ||
| 101 | 0 | _arus | |
| 102 | _aRU | ||
| 105 | _aa z ||||| | ||
| 200 | 1 | _aОплата труда, реальные доходы, материальное стимулирование | |
| 210 |
_aСвердловск _cСред.-Урал. кн. изд-во _d1972 |
||
| 215 |
_a41 с. _cил. _d17 |
||
| 225 | 1 |
_aЭкономическая библиотечка рабочего _v7 |
|
| 309 | _aВложена с 7-ю другими книгами в обертку с загл. сер. | ||
| 606 |
_aЭкономическое стимулирование _2psbo |
||
| 700 | 1 |
_aБараковская _bП.В. _gПрасковья Варламовна |
|
| 701 | 1 |
_aВологжанин _bВ.С. _gВалерий Семенович |
|
| 801 | 0 |
_aRU _bNLR _gpsbo |
|
| 801 | 1 |
_aRU _bELAR _2rusmarc |
|
| 852 |
_aNLR _j72-2/1385 |
||
| 942 | _cBOOK | ||
| 980 | _aNB | ||